00717 2200253 4500001002100000005001500021035002000036007000300056008004100059020002200100082001000122084001600132100002100148245009900169250001000268260004000278300003500318700002200353700002100375700002300396600002200419990001100441990001100452INLIS00000000000331520190608031606 a0010-0619000064ta190608 g 0 ind  a978-979-692-705-0 a650.1 a650.1 YUD b0 aYUDI, Pramudiana1 aBusiness Plan /cYudi Pramudiana, Risris Rismayani, Fitri Rahmawati; editor, Adriyani Kamsyach acet.2 aBandung :bRemaja Rosdakarya,c2017 ax, 201 hlm. :bilus. ;c24 cm.0 aRISRIS, Rismayani0 aFITRI, Rahmawati0 aADRIYANI, Kamsyach 4aMANAJEMEN. BISNIS a6742 a a6742 b